Приветствие Президиума Совета Национальностей трудящимся Киргизской АССР с пятилетием ее образования

Доступно только в Электронных читальных залах Найти на картеНа карте
RUSMARC
00004811nac2a22003253x 450
00115a3e458-8775-4072-8b97-0b435946b85b
00520241213170546.0
100##$a20241113l1930 k y0rusy50 ca
1010#$arus
102##$aRU
105##$ay z |||||
1220#$ad19300630
2001#$aПриветствие Президиума Совета Национальностей трудящимся Киргизской АССР с пятилетием ее образования
$jИюнь 1930
215##$a3 листа
$d37,2 х 25,6
251##$cДело
300##$aНа папке дела: Июль 1930
300##$aВ деле имеются телеграммы
300##$aНумерация начинается с конца дела
300##$aЧасть текста машинописная с рукописными пометками, часть - напечатана типографским способом
461#0$1001796d4672-8a00-4986-b488-6e42273792cc
$12001
$aЦЕНТРАЛЬНЫЙ ИСПОЛНИТЕЛЬНЫЙ КОМИТЕТ СССР (ЦИК СССР).
$1251
$cФонд
$1852
$gР
$j3316
462#0$10017ec774ca-f130-4901-bc43-09a1cb14aa51
$12001
$aДела Секретариата Президиума ЦИК Союза ССР. 1930 г.
$vД. 1148
$1251
$cОпись
$1852
$j23
605##$3DITM\AF\0000002775
$aВласть
$lколлекция
$2acquisition_prlib
607##$aКиргизская АССР
6101#$aПриветствие
$aТрудящиеся
$aСовет национальностей
$aПрезидиум
686##$a63.3(2)61-332ю1
$cИстория
$2rubbk
686##$a67.400.6ю1
$cПраво
$2rubbk
71001$3RU\NLR\AUTH\8810246741
$aСССР
$bЦИК
$bСовет национальностей
$bПрезидиум
801#0$aRU
$bGA_RF
801#1$aRU
$bГлавНИВЦ
$c20241113
$2rusmarc
801#2$aRU
$bПБ им. Б.Н. Ельцина
$c20241213
$gRCR
$2rusmarc
852##$aГА РФ
$j1148
937##$d195370099
$hГАРФ
035##$aRuPRLIB51078159
856##$uhttp://readingroom.main.prlib.ru/item.aspx?id_node=n195370099&mode=full
Формат отображения